000 00433nam a2200181Ia 4500
001 8666
005 20260306160626.0
008 260306t2010||||xx |||||||||||||| ||spa||
041 _aESP
082 _a371.26
_bT37
100 _aTenbrink, Terry D.
_eAUT
245 0 _aEvaluación:
_bguía práctica para profesores
260 _c2010
300 _a460 páginas :
_c
650 _aGEN
654 _aCED
942 _cLIB
_dJUS
_fJUS
_2ddc
_n
999 _c8666
_d8666